=LDR 00000nam 2200000 4500 =001 INLIS000000000054565 =005 20200213011406 =035 ##$$a 0010-0220000127 =007 ta =008 200213###########################0#ind## =020 ##$$a 978-979-055-536-5 =082 ##$$a 297.73 =084 ##$$a 297.73 Sri p =245 1#$$a Perempuan teladan sepanjang zaman /$c Sri Al Hidayati =250 ##$$a Cet 3 =300 ##$$a iii, 29 halaman : $b Ilustrasi ; $c 27 cm =650 #4$$a Pendidikan Islam =700 #$$a Editor ; Abdul Wahab =740 ##$$a Qur'anic Quetions dan Answers =264 ##$$a Bandung :$b Sygma Kaya Imaji,$c 2018 =336 ##$$a teks$2 rdacontent =337 ##$$a lain-lain$2 rdamedia =338 ##$$a lain-lain$2 rdacarrier =990 ##$$a 09960996 =990 ##$$a 09960996